| 000 | 00671nam a2200253Ia 4500 | ||
|---|---|---|---|
| 003 | OSt | ||
| 005 | 20220912151454.0 | ||
| 006 | a|||||r|||| 00| 0 | ||
| 007 | ta | ||
| 008 | 220909b |||||||| |||| 00| 0 eng d | ||
| 024 | _a19190 | ||
| 037 | _cTextual | ||
| 040 |
_aCSL _beng _cCSL |
||
| 041 | _aeng | ||
| 082 | _aB, L9 | ||
| 100 | _aEisen Carole | ||
| 245 | 0 | _aFinite Mathematics: Probability, programming, games and graphs | |
| 260 |
_aLondon _bGlencoe Publishing Co. _c1979 |
||
| 300 |
_a570p. _ccm. |
||
| 650 | _aMathematics | ||
| 700 | _a Eisen Martin | ||
| 942 |
_hB, L9 _cTEXL _2CC |
||
| 999 |
_c69294 _d69294 |
||